Statistics for Two Letter Geography

Click here to take the quiz!

General Stats

  • This quiz has been taken 133 times
  • The average score is 14 of 18

Answer Stats

Clue Answer % Correct
Texas's state abbreviationTX
100%
America (two-letter acronym)US
98%
America's abreviation for 'street'St.
98%
"Born __ the USA" says Brucein
97%
European group of 28 countriesEU
97%
Everest, Rushmore, Fuji, e.g.Mt.
96%
Port-__-Prince, Haitiau
95%
State abbreviation of MaineME
93%
London's country (acronym)UK
92%
Capital: Andorra __ Vellala
90%
Largest US state's abbreviationAK
89%
193-country group (acronym)UN
81%
Rep├║blica Dominicana's acronymDR
81%
PNG's two-letter acronymPG
61%
Yellow River, a.k.a. Huang __He
45%
Longest river in Western SiberiaOb
42%
The word I, in SpanishYo
41%
Language spoken in ZhejiangWu
39%

Score Distribution

Percentile by Number Answered

Percent of People with Each Score

Your Score History

You have not taken this quiz